Top 5 Worst NFL Teams Since 2000 - Statistics

General Stats
  • This quiz has been taken 145,120 times
    111,020 since last reset
  • The average score is 3 of 5
Answer Stats
% Team % Correct
34.3 Cleveland Browns
93%
39.9 Detroit Lions
68%
39.4 Jacksonville Jaguars
62%
39.0 Las Vegas Raiders
44%
41.8 (t) Washington Commanders / Arizona Cardinals
38%
No matching quizzes found
Score Distribution
Percent of People with Each Score
Percentile by Number Answered
Your Score History
You have not taken this quiz since the last reset